Statistics for Top 15 Countries with Covid-19 Deaths - 3 June

Click here to take the quiz!

General Stats

  • This quiz has been taken 15 times
  • The average score is 16 of 20

Answer Stats

country% Correct
Brazil
100%
France
100%
Italy
100%
Spain
100%
United States
100%
Canada
93%
United Kingdom
93%
Germany
87%
India
87%
Mexico
87%
Russia
87%
Sweden
87%
Belgium
73%
Netherlands
73%
Ireland
67%
Portugal
67%
Iran
60%
Peru
53%
Switzerland
47%
Ecuador
33%

Score Distribution

Percentile by Number Answered

Percent of People with Each Score

Your Score History

You have not taken this quiz